Lola y el fantasma / (Registro nro. 12429)
[ vista simple ]
| 000 -LEADER | |
|---|---|
| fixed length control field | 00742nam a22002537a 4500 |
| 003 - CONTROL NUMBER IDENTIFIER | |
| control field | DO-SdBNP |
| 005 - DATE AND TIME OF LATEST TRANSACTION | |
| control field | 20180216151541.0 |
| 008 - FIXED-LENGTH DATA ELEMENTS--GENERAL INFORMATION | |
| fixed length control field | 161214b 1999 sp||||| |||| 00| 0 spa d |
| 020 ## - INTERNATIONAL STANDARD BOOK NUMBER | |
| International Standard Book Number | 9788434864245 |
| 040 ## - CATALOGING SOURCE | |
| Original cataloging agency | BPMSU |
| Language of cataloging | spa |
| Transcribing agency | BPMSU |
| 100 1# - MAIN ENTRY--PERSONAL NAME | |
| Personal name | KönnecKe, Ole |
| 245 1# - TITLE STATEMENT | |
| Title | Lola y el fantasma / |
| Statement of responsibility, etc. | Ole Könnecke ; ilustraciones de ole Könnecke. |
| 260 ## - PUBLICATION, DISTRIBUTION, ETC. (IMPRINT) | |
| Place of publication, distribution, etc. | Madrid : |
| Name of publisher, distributor, etc. | Ediciones S. M., |
| Date of publication, distribution, etc. | 1999. |
| 300 ## - PHYSICAL DESCRIPTION | |
| Extent | 80 p. : |
| Other physical details | il., |
| Dimensions | 21 cm. |
| 490 1# - SERIES STATEMENT | |
| Series statement | El barco de vapor. |
| -- | Serie oro |
| Volume/sequential designation | 18 |
| 490 1# - SERIES STATEMENT | |
| Series statement | Oro |
| 700 12 - ADDED ENTRY--PERSONAL NAME | |
| Personal name | Könnecke, Ole, |
| Relator term | il. |
| 830 #0 - SERIES ADDED ENTRY--UNIFORM TITLE | |
| Uniform title | Barco de vapor |
| -- | Serie oro |
| Number of part/section of a work | 18 |
| 856 #0 - ELECTRONIC LOCATION AND ACCESS | |
| Host name | El barco de vapor |
| Name of location | 18 |
| 856 #0 - ELECTRONIC LOCATION AND ACCESS | |
| Host name | Oro |
| 942 ## - ADDED ENTRY ELEMENTS (KOHA) | |
| Source of classification or shelving scheme | Dewey Decimal Classification |
| Koha item type | Libros |
| 945 ## - LOCAL PROCESSING INFORMATION (OCLC) | |
| a | Inventariado, 2018 /LP |
| 956 ## - LOCAL ELECTRONIC LOCATION AND ACCESS (OCLC) | |
| Host name | BTAVÁREZ |
| Access number | 10 |
| Compression information | 20161214 |
| Withdrawn status | Lost status | Source of classification or shelving scheme | Damaged status | Not for loan | Collection code | Home library | Current library | Date acquired | Total Checkouts | Barcode | Date last seen | Price effective from | Koha item type |
|---|---|---|---|---|---|---|---|---|---|---|---|---|---|
| Dewey Decimal Classification | Colección Infantil General | Biblioteca Pública Metropolitana Salomé Ureña | Biblioteca Pública Metropolitana Salomé Ureña | 12/14/2016 | BPMSU16120310 | 12/14/2016 | 12/14/2016 | Libros |